000 00919nam0a22002771 4500
001 RU\NLR\INFOCOMM17\ROSSICA\1000270690
005 20250613185609.0
035 _a(NLR Aleph) 009891789
090 _a10524598
_c10524598
100 _a20030421d1897 |||y0rusy50 ca
101 0 _ager
102 _aRU
105 _ay ||||000ay
200 1 _aAlbum Nevanorum
_eenthält ein vorwort von B.von Wetter-Rosenthal, historische Notizen von J.Gahlenbaeck, biographische Daten bearbeitet von B.Hinze, Carmina Neva norum gesammelt von J.Gahlenbaeck
_fB.von Wetter-Rosenthal, J.Gahlenbaeck, B.Hinze
210 _aSt.Petersburg
_d1897
215 _d
702 1 _aWetter-Rosenthal
_bB.von
_4080
702 1 _aGahlenbaeck
_bJ.
_4340
702 1 _aHinze
_bB.
_4340
801 1 _aRU
_bInfoComm
_c20030421
801 0 _aRU
_bNLR
_gPSBO
852 _aNLR
_j13.3.3.88
942 _cBOOK
980 _aNB
980 _aRossica